Loading...

പെണ്‍നോട്ടങ്ങള്‍ /

Bibliographic Details
Main Author: മൈന ഉമൈബാന്‍
Other Authors: Maina Umaiban
Format: Printed Book
Language:English
Published: കോട്ടയം : പാപ്പിറസ് ബുക്സ്, 2012.
Subjects:
LEADER 00715nam a22001817a 4500
008 140708b xxu||||| |||| 00| 0 eng d
999 |c 7235  |d 7235 
020 |a 9780000193582 
082 |a 305.42   |b MAI 
100 |a മൈന ഉമൈബാന്‍ 
240 |a Pen nottangal 
245 |a പെണ്‍നോട്ടങ്ങള്‍ /  |c മൈന ഉമൈബാന്‍ 
260 |a കോട്ടയം :  |b പാപ്പിറസ് ബുക്സ്,  |c 2012. 
300 |a 94p. 
650 |a Feminism 
700 |a  Maina Umaiban, 
942 |2 ddc  |c BK 
952 |0 0  |1 0  |2 ddc  |4 0  |6 305_420000000000000_MAI  |7 0  |9 10238  |a MAIN  |b MAIN  |d 2014-07-08  |e Gift  |g 70.00  |l 5  |m 1  |o 305.42 MAI  |p 6484  |r 2019-11-25  |s 2019-11-13  |t 1  |w 2014-07-08  |y BK